000
00302nam a2200121Ia 4500
008
220204s9999 xx 000 0 und d
082
_a
612.4
_b
EBL
100
_a
Ebling, John
245
0
_a
Chemical communication
260
_a
London
_b
Edward Arnold
_c
1971
700
_a
Highnam, Kenneth C
942
_c
BK
999
_c
23462
_d
23462